LDR 00843naa#a2200169#i#450# 001 EN\\bibl\116705 005 20260703073515.5 011 ## _a2227-1171 100 ## _a20260630b2026####ek#y0engy0150####ca 102 ## _aRU 200 1# _aPROBLEMS OF LEGAL REGULATION OF QUALIFICATION REQUIREMENTS IN THE COURSE OF A COMPETITION FOR CERTAIN POSITIONS IN AN EDUCATIONAL ORGANIZATION OF THE MINISTRY OF INTERNAL AFFAIRS OF THE RUSSIAN FEDERATION _eJournal article 210 1# _aKazan _cKazan law institute Ministry of Internal Affairs Russian Federation _d2026 215 ## _a7 с. 608 ## _aJournal article _2local 675 ## _aДопуск к преподаванию. Назначение на должность. Выборы на должность. Присвоение звания. 378.124.082 _z 700 #1 _aChernova _gElena Gennad'evna 856 4# _avestnikkui.ru _u